Arlington TX Subdivisions - Statistics

General Stats
  • This quiz has been taken 7 times
  • The average score is 16 of 48
Answer Stats
Population Subdivision % Correct
5,700 Downtown
100%
37,431 North
100%
23,803 Central
67%
31,032 Dalworthington Gardens
67%
75,557 East
67%
977 North Central
67%
41,261 Pantego
67%
365,211 South Arlington
67%
54,058 Southeast
67%
54,632 Southwest
67%
3,499 UTA
67%
84,540 West
67%
32,275 Arkansas Heights
33%
30,210 Arlington Meadows
33%
7,071 Bay Club
33%
6,004 Center Street District
33%
135,903 Central Arlington
33%
1,625 Downtown Business District
33%
4,112 Downtown Neighborhood
33%
261,502 East Arlington
33%
35,920 Fannin Farms
33%
9,710 Interlochen
33%
20,414 Lindberg
33%
112,150 North Arlington
33%
5,918 Overland Stage Estates
33%
111,069 Southeast Arlington
33%
9,718 Tate Springs
33%
2,688 Tierra Verde
33%
5,125 Wesley Commons
33%
196,157 West Arlington
33%
14,352 Windsor Terrace
33%
19,248 Wood Creek
33%
3,996 Woodland West
33%
16,157 College Town
0%
13,715 Colonial Estates
0%
1,079 Convention Center
0%
31,492 Enterprise Zone
0%
11,014 Entertainment District
0%
13,795 Fairfield Addition
0%
5,285 Johnsons Station
0%
1,514 Lamar Collins
0%
10,453 Oak Creek
0%
1,022 Old Town
0%
234 Old Town Historic District
0%
4,003 Shady Valley
0%
45 South Center Street Historic District
0%
~500 South Davis
0%
14,421 Southwind
0%
No matching quizzes found
Score Distribution
Percent of People with Each Score
Percentile by Number Answered
Your Score History
You have not taken this quiz